Litany of the Holy Name of Jesus Quiz Stats

 Plays Quiz not verified by Sporcle

Score 0/71 Timer 12:00
0 Plays Today
Petition % Correct
Lord, have mercy on us.
87.2%
Lord, have mercy on us. Jesus, hear us.
40.4%
Jesus hear us.
38.3%
Lamb of God, who takes away the sins of the world,
31.9%
Lamb of God, who takes away the sins of the world,
31.9%
Lamb of God, who takes away the sins of the world,
31.9%
Jesus, most amiable,
27.7%
God the Holy Spirit,
23.4%
God the Father of Heaven,
21.3%
Jesus, most admirable,
21.3%
Jesus, most powerful,
21.3%
By Your Nativity,
21.3%
By Your Infancy,
21.3%
By Your Resurrection,
21.3%
Be merciful,
19.1%
Be merciful,
19.1%
By Your sufferings,
19.1%
By Your death and burial,
19.1%
By Your Ascension,
17%
By Your joys,
17%
Jesus, most patient,
14.9%
Jesus, most obedient,
14.9%
From all evil,
14.9%
From all sin,
14.9%
God the Son, Redeemer of the world,
12.8%
Holy Trinity, one God,
12.8%
Jesus, sun of justice,
12.8%
Jesus, Son of the Virgin Mary,
12.8%
Jesus, lover of us,
12.8%
Jesus, God of peace,
12.8%
Jesus, our God,
12.8%
Jesus, good Shepherd,
12.8%
Jesus, joy of Angels,
12.8%
By Your glory,
12.8%
Jesus, Son of the living God,
10.6%
Jesus, brightness of eternal light,
10.6%
Petition % Correct
Jesus, King of glory,
10.6%
Jesus, the mighty God,
10.6%
Jesus, author of life,
10.6%
Jesus, our refuge,
10.6%
Jesus, our way and our life,
10.6%
Jesus, Master of the Apostles,
10.6%
Jesus, crown of Saints,
10.6%
From Your wrath,
10.6%
From everlasting death,
10.6%
By Your most divine Life,
10.6%
By Your labors,
10.6%
By Your agony and passion,
10.6%
Jesus, splendor of the Father,
8.5%
Jesus, Father of the world to come,
8.5%
Jesus, angel of great counsel,
8.5%
Jesus, meek and humble of heart,
8.5%
Jesus, lover of chastity,
8.5%
Jesus, example of virtues,
8.5%
Jesus, zealous lover of souls,
8.5%
Jesus, father of the poor,
8.5%
Jesus, treasure of the faithful,
8.5%
Jesus, true light,
8.5%
Jesus, eternal wisdom,
8.5%
Jesus, infinite goodness,
8.5%
Jesus, King of the Patriarchs,
8.5%
Jesus, teacher of the Evangelists,
8.5%
Jesus, strength of Martyrs,
8.5%
Jesus, light of Confessors,
8.5%
Jesus, purity of Virgins,
8.5%
From the snares of the devil,
8.5%
From the spirit of fornication,
8.5%
From the neglect of Your inspirations,
8.5%
By the mystery of Your holy Incarnation,
8.5%
By Your cross and dereliction,
8.5%
By Your institution of the most Holy Eucharist,
8.5%

You're not logged in!

Compare scores with friends on all Sporcle quizzes.
OR
Log In

Sporcle TV

Today on Sporcle TV


Watch our educational content, quiz creation guides, and fun videos on Sporcle TV.

Show Comments

Extras

Top Quizzes Today


Score Distribution

Your Account Isn't Verified!

In order to create a playlist on Sporcle, you need to verify the email address you used during registration. Go to your Sporcle Settings to finish the process.

Report this User

Report this user for behavior that violates our Community Guidelines.

Details: